El análisis literario

Bewaard in:
Bibliografische gegevens
Hoofdauteur: Castagnino, Raúl
Formaat: Boek
Taal:Undetermined
Gepubliceerd in: Buenos Aires, Argentina Nova 1957
Editie:2
Onderwerpen:
Tags: Voeg label toe
Geen labels, Wees de eerste die dit record labelt!

MARC

LEADER 00000nam a2200000Ia 4500
008 170316s9999 xx 000 0 und d
090 |a 801 C-16a 
100 |a Castagnino, Raúl 
245 |a El análisis literario 
250 |a 2 
260 |a Buenos Aires, Argentina 
260 |b Nova 
260 |c 1957 
300 |a 260 páginas 
650 |a TEORÍA LITERARIA 
650 |a ESTILÍSTICA 
650 |a PERCEPTIVA LITERARIA 
650 |a FORMAS LITERARIAS 
999 |c 20155  |d 20155 
040 |a cru BVZT 
942 |c 15 D  |h 801 C-16a  |2 z